• 首页
  • 本馆介绍
  • 公告通知
  • 最新文献
  • 馆藏检索
  • 电子资源
  • 读者导购
  • 参考咨询
  • 我的图书馆
  • 登录
  • 详细信息显示
  • 放入我的书架
  • 预约/预借图书
  • 作者相关作品
  • 分类相关作品
  • 丛书相关作品
  • 出版社相关作品

书目信息

  • 表格格式
  • 工作单格式
  • 卡片格式
题名:
学习指导的理论与实践
    
 
作者: 钟祖荣 著
分册:  
出版信息: 北京   教育科学出版社  2001
页数: 337页
开本: 24cm
丛书名:
单 册:
中图分类: G424.6
科图分类:
主题词: 学习方法--研究--中小学 , 学习方法 , 教学理论
电子资源:
ISBN: 7-5041-2138-X
000 00922nam0 2200253 450
001 1254690162
005 20150203164347.78
010    @a7-5041-2138-X@dCNY30.00
100    @a20010830d2001 emky0chiy0110 ea
101 0  @achi
102    @aCN@b110000
105    @ay z 000yd
200 1  @a学习指导的理论与实践@Axue xi zhi dao de li lun yu shi jian@f钟祖荣著
210    @a北京@c教育科学出版社@d2001
215    @a337页@d24cm
314    @a钟祖荣(1965~),生于湖南,北京教育学院教育管理系教育学教研室主任、副教授等,著有《学习指导的理论与实践》。
330    @a本书分理论篇、实践篇系统概括总结了国内外有关学习指导的理论与方法,内容包括学习指导研究的对象、内容和方法,学习指导的意义,学习情况的调查等。
606 0  @a学习方法@x研究@x中小学
606 0  @a学习方法
606 0  @a教学理论
690    @aG424.6@v4
701  0 @a钟祖荣@Azhong zu rong@f(1965~)@4著
801  0 @aCN@bTSSF@c20150203
905    @aZUCC@dG424.6@eJY260
    
    学习指导的理论与实践/钟祖荣著.-北京:教育科学出版社,2001
    337页;24cm
    
    
    ISBN 7-5041-2138-X:CNY30.00
    本书分理论篇、实践篇系统概括总结了国内外有关学习指导的理论与方法,内容包括学习指导研究的对象、内容和方法,学习指导的意义,学习情况的调查等。
●
相关链接 在E读中查询图书 在五车中查询图书 在当当中查询图书 在豆瓣中查询图书


正题名:学习指导的理论与实践     索取号:G424.6/JY260         预约/预借

序号 登录号 条形码 馆藏地/架位号 状态 备注
1 7805756   278057567   学院路分馆/ [索取号:G424.6/JY260] 在馆    
2 7805757   278057576   学院路分馆/ [索取号:G424.6/JY260] 在馆    
3 7805758   278057585   学院路分馆/ [索取号:G424.6/JY260] 在馆    
4 7805759   278057594   学院路分馆/ [索取号:G424.6/JY260] 在馆    
5 7846854   278468542   学院路分馆/ [索取号:G424.6/JY260] 在馆    
6 7858327   278583276   学院路分馆/ [索取号:G424.6/JY260] 在馆    
7 7858328   278583285   学院路分馆/ [索取号:G424.6/JY260] 在馆    
8 7858329   278583294   学院路分馆/ [索取号:G424.6/JY260] 在馆    
9 7865699   278656991   学院路分馆/ [索取号:G424.6/JY260] 在馆    
唐山师范学院图书馆 欢迎您!
大连网信软件有限公司© 版权所有